| 000 | 00849cam a22003017i 4500 | ||
|---|---|---|---|
| 999 |
_c200429194 _d47118 |
||
| 001 | 200429194 | ||
| 003 | TR-AnTOB | ||
| 005 | 20190711100042.0 | ||
| 007 | ta | ||
| 008 | 180322s2016 xxu||||g |||| 000 0 tur d | ||
| 020 | _a9786055225452 | ||
| 040 |
_aTR-AnTOB _beng _erda _cTR-AnTOB |
||
| 041 | 0 | _atur | |
| 050 | _aPN6080 | ||
| 090 |
_aPN6080 _b.I57 2016 |
||
| 245 |
_aİnsan insandan beslenir : _b2016 / _cVoscreen ekibi. |
||
| 264 | 1 |
_aİstanbul: _bKerasus Kitap, _c2016. |
|
| 300 |
_a144 pages ; _c21 cm. |
||
| 336 |
_atext _2rdacontent _btxt |
||
| 337 |
_aunmediated _2rdamedia _bn |
||
| 338 |
_avolume _2rdacarrier _bnc |
||
| 490 | 0 |
_aKerasus Kitap ; _v58 |
|
| 650 | 0 |
_95522 _aQuotations |
|
| 650 | 0 |
_9119354 _aAlıntılar _2etuturkob |
|
| 710 | 2 |
_aVoscreen _9119357 |
|
| 942 |
_2lcc _cBK |
||